Loading...
| Mythology | 3 | 0 | 1 | 0 | 40 | 45 | 68.67 | 1 | 2 |
| History - Other History | 2 | 1 | 0 | 0 | 40 | 17 | 55.33 | 1 | 2 |
| Science - Chemistry | 0 | 5 | 3 | 1 | 35 | 57 | 93.20 | 2 | 5 |
| Science - Biology | 1 | 4 | 4 | 2 | 35 | 72 | 96.40 | 1 | 5 |
| Other Academic | 0 | 3 | 0 | 2 | 30 | 84 | 112.33 | 1 | 2 |
| Current Events | 1 | 1 | 0 | 1 | 25 | 60 | 95.00 | 0 | 0 |
| Science - Other Science | 0 | 3 | 1 | 1 | 25 | 119 | 129.00 | 0 | 2 |
| Science - Physics | 0 | 3 | 2 | 0 | 20 | 81 | 109.33 | 0 | 2 |
| Religion | 0 | 2 | 0 | 2 | 20 | 132 | 136.00 | 0 | 0 |
| Social Science | 0 | 2 | 1 | 0 | 15 | 89 | 90.00 | 0 | 0 |
| History - American History | 0 | 1 | 0 | 1 | 10 | 143 | 143.00 | 0 | 0 |
| Literature - Long Fiction | 0 | 1 | 0 | 0 | 10 | 99 | 99.00 | 0 | 1 |
| Literature - Short Fiction | 0 | 1 | 0 | 0 | 10 | 100 | 100.00 | 0 | 1 |
| Philosophy | 0 | 1 | 0 | 1 | 10 | 128 | 128.00 | 0 | 1 |
| Literature - Poetry | 0 | 1 | 0 | 0 | 10 | 112 | 112.00 | 0 | 0 |
| History - World History | 0 | 1 | 1 | 0 | 5 | 83 | 83.00 | 1 | 1 |
| Literature - Drama | 0 | 0 | 1 | 0 | -5 | 0.00 | 0 | 0 | |
| Geography | 0 | 0 | 1 | 0 | -5 | 0.00 | 0 | 0 |